000 00796nam a2200277Ia 4500
003 OSt
005 20220925223052.0
006 a|||||r|||| 00| 0
007 ta
008 220923b |||||||| |||| 00| 0 eng d
020 _a0413135613
037 _cGeneral Book
040 _aRTL
_cRTL
_beng
041 _2eng
_aeng
082 _aR2xM44:g, N8.1-N8.4
100 _aGroff Peter S
_9288901
245 0 _aNietzsche Critical Assessments
260 _aLondon
_bRoutledge
_c1998
300 _aCN:xviii, 380p
_ccm.
650 _a Classics
650 _a Friedrich Whilhelm Nietzsche
_9288902
650 _aPhilosophy
700 _a Conway Daniel W Ed
942 _hR2xM44:g, N8.1-N8.4
_cGB
_2CC
999 _c578565
_d578565